Paesi a due confini dalla Polonia - Statistics

Statistiche generali
  • Questo quiz è stato fatto 55 volte
    54 dall'ultimo reset
  • Il punteggio medio è 17 su 20
Statistiche sulle risposte
Paese % Corretto
Francia
100%
Belgio
98%
Paesi Bassi
95%
Danimarca
93%
Lussemburgo
93%
Lettonia
89%
Finlandia
86%
Kazakistan
86%
Moldavia
86%
Romania
86%
Austria
84%
Cina
84%
Estonia
84%
Svizzera
84%
UNgheria
82%
Georgia
80%
Mongolia
80%
Corea del Nord
77%
Norvegia
75%
Azerbaigian
66%
Nessun quiz corrispondente trovato
Distribuzione punteggi
Percentuale di utenti per punteggio
Percentile per numero di risposta
I tuoi punteggi nel tempo
Non hai fatto questo quiz dall'ultimo reset